[Event "Frankfurt Ch 2010"]
[Site "Ffm-Kalbach, LAZ"]
[Date "2010.05.17"]
[Round "4.1"]
[White "Reschke, Stefan"]
[Black "Wege, Jochen"]
[Result "1/2-1/2"]
[WhiteElo "2370"]
[BlackElo "2277"]
[PlyCount "57"]
[EventDate "2010.??.??"]
[SourceDate "2009.03.13"]
[WhiteTeam "VSG 1880 Offenbach"]
[BlackTeam "SC Brett vor'm Kopp Ffm"]

1. Nf3 Nf6 2. g3 b5 3. Bg2 Bb7 4. c3 e6 5. Qb3 a6 6. a4 c5 7. d3 b4 8. a5 Nc6
9. Qa4 Ne5 10. Nxe5 Bxg2 11. Rg1 Bb7 12. Nd2 Nd5 13. e4 bxc3 14. Ndc4 cxb2 15.
Bxb2 Nb4 16. Bc3 f6 17. Bxb4 cxb4 18. Nf3 Be7 19. Nb6 Bc6 20. Qb3 Rb8 21. Nd4
Qc7 22. Rc1 Qd6 23. Rc4 Bb5 24. Nxb5 axb5 25. Rc2 Qd4 26. Kf1 O-O 27. Kg2 f5
28. Re1 Rb7 29. exf5 1/2-1/2

[Event "Frankfurt Ch 2010"]
[Site "Ffm-Kalbach, LAZ"]
[Date "2010.05.17"]
[Round "4.2"]
[White "Chandler, Patrick"]
[Black "Wahedi, Ahmad Siar"]
[Result "1-0"]
[WhiteElo "2265"]
[BlackElo "2298"]
[PlyCount "105"]
[EventDate "2010.??.??"]
[SourceDate "2009.03.13"]
[WhiteTeam "VSG 1880 Offenbach"]
[BlackTeam "SC Steinbach"]

1. c4 e5 2. Nc3 Nf6 3. Nf3 d6 4. d4 Nbd7 5. e4 g6 6. d5 Bg7 7. Be3 Ng4 8. Bg5
f6 9. Bd2 f5 10. Ng5 Nf8 11. Bd3 h6 12. Nf3 f4 13. Qe2 Nf6 14. c5 g5 15. Bb5+
Kf7 16. c6 Ng6 17. cxb7 Bxb7 18. O-O-O Rb8 19. Ne1 Qc8 20. Nc2 g4 21. f3 h5 22.
Be1 Bh6 23. Kb1 Bg5 24. b3 Kg7 25. Rc1 c5 26. dxc6 Bxc6 27. Nb4 Bxb5 28. Nxb5
Qe6 29. h4 gxh3 30. gxh3 Rb7 31. Rg1 Nh7 32. h4 Bd8 33. Nxd6 Rb6 34. Nf5+ Kf7
35. Nd5 Rc6 36. Bf2 Nf6 37. Nb4 Rxc1+ 38. Rxc1 Ne7 39. Nxe7 Bxe7 40. Rc6 Qh3
41. Nd3 Rc8 42. Nxe5+ Kg7 43. Qc4 Rf8 44. Rc7 Ng8 45. Bc5 Qxh4 46. Bxe7 Nxe7
47. Qe6 Kh8 48. Qxe7 Qxe7 49. Rxe7 Rd8 50. Nf7+ Kg7 51. Ng5+ Kg6 52. Nh3 Rd6
53. Re5 1-0

[Event "Frankfurt Ch 2010"]
[Site "Ffm-Kalbach, LAZ"]
[Date "2010.05.17"]
[Round "4.3"]
[White "Isserman, Ryhor"]
[Black "Prudlo, Simon"]
[Result "1-0"]
[WhiteElo "2296"]
[BlackElo "2251"]
[PlyCount "61"]
[EventDate "2010.??.??"]
[SourceDate "2009.03.13"]
[WhiteTeam "SK Bad Homburg 1927"]
[BlackTeam "SC Heusenstamm"]

1. Nf3 Nf6 2. g3 g6 3. Bg2 Bg7 4. c4 O-O 5. Nc3 d6 6. O-O e5 7. d3 Re8 8. Bg5
Nbd7 9. Qd2 a5 10. Ne1 c6 11. Nc2 Nc5 12. Ne4 Be6 13. Nxf6+ Bxf6 14. Bxf6 Qxf6
15. Rac1 a4 16. Rfd1 Bf5 17. Ne3 Ne6 18. g4 Nf4 19. gxf5 gxf5 20. Kh1 Kh8 21.
d4 Qg5 22. Rg1 Rg8 23. Bf3 Qh4 24. Rg3 Nh3 25. Nxf5 Nxf2+ 26. Kg2 Qh3+ 27. Kxf2
Qxf5 28. e4 Qf6 29. d5 Qh4 30. Kg2 c5 31. Rg1 1-0

[Event "Frankfurt Ch 2010"]
[Site "Ffm-Kalbach, LAZ"]
[Date "2010.05.17"]
[Round "4.4"]
[White "Heidel, Andre Nicolas"]
[Black "Guth, Thomas"]
[Result "1-0"]
[WhiteElo "2152"]
[BlackElo "2282"]
[PlyCount "108"]
[EventDate "2010.??.??"]
[SourceDate "2009.03.13"]
[WhiteTeam "Ratinger SK 1950"]
[BlackTeam "SC Rotation Pankow"]

1. d4 e6 2. Nf3 Nf6 3. g3 c5 4. Bg2 cxd4 5. Nxd4 Be7 6. c4 a6 7. O-O O-O 8. b3
Nc6 9. Bb2 Rb8 10. Nc3 Qa5 11. e4 d6 12. Nxc6 bxc6 13. Qe2 e5 14. h3 Nd7 15.
Kh2 Nc5 16. f4 Ne6 17. Nd1 Bf6 18. Ne3 Nd4 19. Qf2 Qc5 20. Rad1 a5 21. f5 Bg5
22. Ng4 h5 23. h4 Bd8 24. Ne3 a4 25. bxa4 Qa7 26. g4 Rxb2 27. Qxb2 Bxh4 28.
gxh5 Bg5 29. Qa3 Ba6 30. f6 Ne6 31. fxg7 Nxg7 32. Nf5 Bxc4 33. h6 Nxf5 34. Rxf5
f6 35. Rxd6 Qf7 36. Qh3 Re8 37. Rd7 Re7 38. Rxe7 Qxe7 39. Rf2 Be6 40. Qh5 Bf7
41. Qd1 Bxh6 42. Bh3 Bg5 43. Bf5 Qc5 44. Rb2 Qe3 45. Kh1 c5 46. Rh2 Qd4 47. Qb1
Qd8 48. a5 Bc4 49. Qc2 Qd4 50. Qb1 Qd8 51. Rb2 Qxa5 52. Rb8+ Kg7 53. Rb7+ Kg8
54. Qd1 Qd2 1-0

[Event "Frankfurt Ch 2010"]
[Site "Ffm-Kalbach, LAZ"]
[Date "2010.05.17"]
[Round "4.5"]
[White "Röschlau, Bernd"]
[Black "Zuyev, Igor"]
[Result "0-1"]
[WhiteElo "2226"]
[BlackElo "2329"]
[PlyCount "68"]
[EventDate "2010.??.??"]
[SourceDate "2009.03.13"]
[WhiteTeam "SC Brett vor'm Kopp Ffm"]
[BlackTeam "SC Ladja Roßdorf"]

1. d4 Nf6 2. c4 e6 3. Nc3 Bb4 4. f3 d5 5. a3 Be7 6. e4 dxe4 7. fxe4 e5 8. d5
Bc5 9. Nf3 Bg4 10. h3 Bxf3 11. Qxf3 Nbd7 12. Bd3 a5 13. Rf1 O-O 14. Bg5 Be7 15.
Be3 Bc5 16. Bc2 Ne8 17. Ba4 Bxe3 18. Qxe3 f5 19. exf5 Nd6 20. f6 Nxc4 21. Qd3
Nxb2 22. Qf5 Nxa4 23. f7+ Kh8 24. Ne4 Nac5 25. Ng5 g6 26. Qg4 Nd3+ 27. Kd1 N7c5
28. Qh4 h5 29. Ra2 Qxd5 30. Rd2 Rad8 31. Nf3 Ne4 32. g4 Qb3+ 33. Ke2 Nf4+ 34.
Ke1 Qb1+ 0-1

[Event "Frankfurt Ch 2010"]
[Site "Ffm-Kalbach, LAZ"]
[Date "2010.05.17"]
[Round "4.6"]
[White "Rapoport, Vladimir"]
[Black "Richter, Tobias"]
[Result "1/2-1/2"]
[WhiteElo "2303"]
[BlackElo "2099"]
[PlyCount "104"]
[EventDate "2010.??.??"]
[SourceDate "2009.03.13"]
[WhiteTeam "SC Heusenstamm"]
[BlackTeam "SV Merseburg"]

1. Nf3 d5 2. g3 Nf6 3. Bg2 g6 4. O-O Bg7 5. d3 O-O 6. Nbd2 Nc6 7. e4 dxe4 8.
dxe4 Be6 9. Ng5 Bg4 10. f3 Bc8 11. f4 Bg4 12. Ngf3 e5 13. h3 Bxf3 14. Qxf3 exf4
15. gxf4 Nh5 16. c3 Qh4 17. Qg4 Qe7 18. Nc4 Rad8 19. Ne3 Rd3 20. Qf3 Qc5 21.
Qf2 Ne7 22. Ng4 Qxf2+ 23. Nxf2 Rd7 24. Be3 f5 25. e5 Bh6 26. Rad1 Rfd8 27. Bxb7
Bxf4 28. Rxd7 Rxd7 29. Rd1 Rxd1+ 30. Nxd1 Bxe5 31. Bxa7 Nf4 32. Nf2 Kf7 33. a4
Ke6 34. Ba6 Kd7 35. Bc4 Kc6 36. Bb5+ Kb7 37. Bc5 Nc6 38. Bc4 h5 39. Kf1 g5 40.
Be3 g4 41. hxg4 hxg4 42. Bxf4 Bxf4 43. Be6 Ne7 44. Nd3 Bd6 45. b4 Kb6 46. c4
Bg3 47. Kg2 Bh4 48. c5+ Kb7 49. b5 Bf6 50. a5 Bc3 51. a6+ Ka7 52. Bd7 Bd4
1/2-1/2

[Event "Frankfurt Ch 2010"]
[Site "Ffm-Kalbach, LAZ"]
[Date "2010.05.17"]
[Round "4.7"]
[White "Uwira, Oliver"]
[Black "Hierling, Stefan"]
[Result "1/2-1/2"]
[WhiteElo "2230"]
[BlackElo "2059"]
[PlyCount "48"]
[EventDate "2010.??.??"]
[SourceDate "2009.03.13"]
[WhiteTeam "SC 1961 König Nied"]
[BlackTeam "SK 1927 Dieburg"]

1. e4 e5 2. Nf3 d6 3. d4 exd4 4. Nxd4 Bd7 5. Bc4 Nc6 6. O-O Nge7 7. Nc3 Nxd4 8.
Qxd4 Nc6 9. Qe3 g6 10. Qg3 Be6 11. Nd5 Bg7 12. Bg5 f6 13. Qc3 Ne5 14. f4 fxg5
15. fxe5 Bxe5 16. Bb5+ c6 17. Bxc6+ bxc6 18. Qxc6+ Bd7 19. Nc7+ Ke7 20. Qc4 Qg8
21. Nd5+ Ke8 22. Rad1 Qg7 23. Nc7+ Ke7 24. Nd5+ Ke8 1/2-1/2

[Event "Frankfurt Ch 2010"]
[Site "Ffm-Kalbach, LAZ"]
[Date "2010.05.17"]
[Round "4.8"]
[White "Engel, Berthold"]
[Black "Larem, Peter"]
[Result "1-0"]
[WhiteElo "2226"]
[BlackElo "1921"]
[PlyCount "55"]
[EventDate "2010.??.??"]
[SourceDate "2009.03.13"]
[WhiteTeam "SC Brett vor'm Kopp Ffm"]
[BlackTeam "SC 1950 Eppertshausen"]

1. c4 e5 2. Nc3 Nf6 3. g3 Bc5 4. Bg2 O-O 5. e3 Re8 6. Nge2 c6 7. O-O d6 8. Na4
Bb6 9. Nxb6 axb6 10. Nc3 Be6 11. b3 Nbd7 12. Bb2 Qc8 13. d4 exd4 14. Qxd4 Ne5
15. Qxd6 Bh3 16. Qd1 Qf5 17. Qe2 Bxg2 18. Kxg2 Rad8 19. Rad1 Nd3 20. Ba1 Rd6
21. Qf3 Qg5 22. Ne2 Ng4 23. Nf4 Rh6 24. h3 Nxf4+ 25. exf4 Qg6 26. hxg4 Qc2 27.
Rfe1 Rhe6 28. Rxe6 1-0

[Event "Frankfurt Ch 2010"]
[Site "Ffm-Kalbach, LAZ"]
[Date "2010.05.17"]
[Round "4.9"]
[White "Koch, Markus"]
[Black "Reschke, Thomas"]
[Result "1-0"]
[WhiteElo "2045"]
[BlackElo "2184"]
[PlyCount "73"]
[EventDate "2010.??.??"]
[SourceDate "2009.03.13"]
[WhiteTeam "SC Brett vor'm Kopp Ffm"]
[BlackTeam "SC Frankfurt-West"]

1. d4 g6 2. e4 Bg7 3. Nc3 d6 4. Be3 a6 5. a4 b6 6. g3 Nd7 7. Bg2 e5 8. Nge2
Ngf6 9. h3 O-O 10. O-O Rb8 11. f4 exd4 12. Nxd4 Bb7 13. Re1 Re8 14. Bf2 Nc5 15.
e5 dxe5 16. fxe5 Nh5 17. Bxb7 Rxb7 18. Nc6 Qd7 19. Qf3 Re6 20. Rad1 Qxc6 21.
Rd8+ Bf8 22. Nd5 Kg7 23. g4 Re8 24. Rxe8 Qxe8 25. gxh5 c6 26. Nf6 Qe6 27. Rd1
Be7 28. Ne8+ Kf8 29. Nd6 Bxd6 30. exd6 Rd7 31. a5 gxh5 32. axb6 Nb7 33. Qf4
Qxh3 34. Qh6+ Kg8 35. Rd3 Rxd6 36. Qg5+ Rg6 37. Qxg6+ 1-0

[Event "Frankfurt Ch 2010"]
[Site "Ffm-Kalbach, LAZ"]
[Date "2010.05.17"]
[Round "4.10"]
[White "Kabir, Rezaul"]
[Black "Göbel, Andreas"]
[Result "1/2-1/2"]
[WhiteElo "2083"]
[BlackElo "2040"]
[PlyCount "34"]
[EventDate "2010.??.??"]
[SourceDate "2009.03.13"]
[WhiteTeam "Sfr. Frankfurt 1921"]
[BlackTeam "SC Brett vor'm Kopp Ffm"]

1. e4 c5 2. Nf3 d6 3. d4 cxd4 4. Nxd4 Nf6 5. Nc3 g6 6. Be3 Bg7 7. Qd2 Nc6 8. f3
O-O 9. O-O-O Nxd4 10. Bxd4 Be6 11. Kb1 Qc7 12. g4 Rfc8 13. h4 Qa5 14. Nd5 Qxd2
15. Nxf6+ Bxf6 16. Rxd2 Bxd4 17. Rxd4 Rc5 1/2-1/2

[Event "Frankfurt Ch 2010"]
[Site "Ffm-Kalbach, LAZ"]
[Date "2010.05.17"]
[Round "4.11"]
[White "Orlinski, Wolfgang"]
[Black "Graebner, Walter"]
[Result "1-0"]
[WhiteElo "1967"]
[BlackElo "2053"]
[PlyCount "81"]
[EventDate "2010.??.??"]
[SourceDate "2009.03.13"]
[WhiteTeam "Sfr. Frankfurt 1921"]
[BlackTeam "SC 1961 König Nied"]

1. d4 Nf6 2. Bf4 d6 3. e3 g6 4. Nf3 Bg7 5. c4 O-O 6. Nc3 Nh5 7. Bg5 c6 8. Be2
Qc7 9. Nd2 Nf6 10. h4 h6 11. Bxf6 Bxf6 12. g4 e5 13. d5 Qe7 14. Nde4 Rd8 15. h5
g5 16. Qd2 c5 17. f3 Na6 18. Bd3 Nc7 19. Bc2 Bg7 20. Ng3 Ne8 21. Bf5 Nf6 22.
Nce4 Rb8 23. Qd3 Qc7 24. O-O Nd7 25. a3 b5 26. b3 Ba6 27. Bxd7 Qxd7 28. Nf5 Qc7
29. Qc3 Bc8 30. Neg3 f6 31. Rfb1 Re8 32. cxb5 Rxb5 33. e4 Bd7 34. b4 Qb6 35.
Kg2 cxb4 36. Rxb4 Rb8 37. Rab1 Qa5 38. Rxb5 Qxc3 39. Rxb8+ Kh7 40. Nxg7 Kxg7
41. R1b7 1-0

[Event "Frankfurt Ch 2010"]
[Site "Ffm-Kalbach, LAZ"]
[Date "2010.05.17"]
[Round "4.12"]
[White "Janke, Christian"]
[Black "Poetsch, Hagen"]
[Result "0-1"]
[WhiteElo "1859"]
[BlackElo "2366"]
[PlyCount "56"]
[EventDate "2010.??.??"]
[SourceDate "2009.03.13"]
[WhiteTeam "SV Spr.Siershahn"]
[BlackTeam "VSG 1880 Offenbach"]

1. e4 d5 2. e5 c5 3. f4 Nc6 4. Nf3 Bg4 5. g3 f6 6. exf6 Nxf6 7. Bg2 e5 8. fxe5
Nxe5 9. Qe2 Bd6 10. Qb5+ Qd7 11. Qxd7+ Kxd7 12. O-O Nxf3+ 13. Bxf3 Rae8 14. d3
Bxf3 15. Rxf3 Re1+ 16. Rf1 Rhe8 17. Nd2 R1e2 18. c4 R8e3 19. cxd5 Rxd3 20. Nc4
Bb8 21. d6 b5 22. Na3 Bxd6 23. Nxb5 Bxg3 24. hxg3 Rxg3+ 25. Kh1 Ng4 26. Rd1+
Kc8 27. Nxa7+ Kb7 28. Rd2 Re1# 0-1

[Event "Frankfurt Ch 2010"]
[Site "Ffm-Kalbach, LAZ"]
[Date "2010.05.17"]
[Round "4.13"]
[White "Solonar, Stefan"]
[Black "Geringer, Waldemar"]
[Result "1-0"]
[WhiteElo "2338"]
[BlackElo "1949"]
[PlyCount "89"]
[EventDate "2010.??.??"]
[SourceDate "2009.03.13"]
[WhiteTeam "SC Heusenstamm"]
[BlackTeam "SC 1950 Eppertshausen"]

1. c4 g6 2. d4 Bg7 3. e4 d6 4. Nf3 Nf6 5. Nc3 O-O 6. Be2 e5 7. O-O Nc6 8. d5
Ne7 9. Nd2 a5 10. a3 Nd7 11. Rb1 f5 12. b4 Kh8 13. Qc2 Nf6 14. f3 axb4 15. axb4
c6 16. dxc6 Nxc6 17. Nb5 Nh5 18. g3 Qg5 19. Nb3 f4 20. g4 Nxb4 21. Qd2 Nc6 22.
Nxd6 Nf6 23. Qe1 Ng8 24. Qf2 Qe7 25. Nxc8 Rfxc8 26. Rd1 Ra2 27. Rd2 Rca8 28.
Bf1 Rxd2 29. Qxd2 h5 30. gxh5 gxh5 31. Bb2 Nf6 32. Bh3 Rd8 33. Qe2 Qb4 34. Qc2
Nh7 35. Bf5 Ng5 36. Kf2 Na5 37. Bc3 Qxc4 38. Nxa5 Qc5+ 39. Kg2 Qe3 40. Rf1 b5
41. h4 Rd3 42. Be1 Nf7 43. Qc6 Kg8 44. Qe8+ Bf8 45. Be6 1-0

[Event "Frankfurt Ch 2010"]
[Site "Ffm-Kalbach, LAZ"]
[Date "2010.05.17"]
[Round "4.14"]
[White "Gutacker, Stephan"]
[Black "Brüggemann, Ludger"]
[Result "1/2-1/2"]
[WhiteElo "1936"]
[BlackElo "2188"]
[PlyCount "77"]
[EventDate "2010.??.??"]
[SourceDate "2009.03.13"]
[WhiteTeam "Sfr.1932 Kelkheim"]
[BlackTeam "SF Olfen 1975"]

1. e4 c5 2. d4 cxd4 3. c3 dxc3 4. Nxc3 d6 5. Bc4 e6 6. Nf3 Nc6 7. O-O Nf6 8.
Qe2 a6 9. Rd1 Qc7 10. Bg5 Be7 11. Bb3 h6 12. Bf4 Bd7 13. Rac1 Qb8 14. Qd2 Ne5
15. Nxe5 dxe5 16. Be3 O-O 17. Bxh6 g6 18. Bxf8 Qxf8 19. Ne2 Bc6 20. f3 Nh7 21.
Qc3 Bf6 22. Rc2 Qh6 23. Qc5 Kg7 24. Nc3 Rh8 25. Rf1 Ng5 26. g3 Qh5 27. Qe3 Nh3+
28. Kh1 Rd8 29. Qe2 Rd4 30. Re1 Ng5 31. g4 Qh3 32. Rf1 Bd8 33. Qg2 Qh6 34. Ne2
Rd3 35. Nc3 Bb6 36. Rd2 Re3 37. Re2 Rd3 38. Rd2 Re3 39. Re2 1/2-1/2

[Event "Frankfurt Ch 2010"]
[Site "Ffm-Kalbach, LAZ"]
[Date "2010.05.17"]
[Round "4.15"]
[White "Roccasalvo, Giuseppe"]
[Black "Kaliski, Erwin"]
[Result "1/2-1/2"]
[WhiteElo "1854"]
[BlackElo "2266"]
[PlyCount "107"]
[EventDate "2010.??.??"]
[SourceDate "2009.03.13"]
[WhiteTeam "SF Plochingen"]
[BlackTeam "SC Bad Nauheim"]

1. d4 d5 2. Nf3 Nf6 3. c4 e6 4. Nc3 Be7 5. Bg5 O-O 6. e3 Nbd7 7. Rc1 c6 8. Bd3
dxc4 9. Bxc4 Qa5 10. O-O e5 11. dxe5 Nxe5 12. Nxe5 Qxe5 13. Bf4 Qa5 14. Qc2 Bf5
15. e4 Bg6 16. a3 Rad8 17. Rfe1 Rfe8 18. Qb3 Rd7 19. e5 Nd5 20. Nxd5 cxd5 21.
Bb5 Bc2 22. Qxc2 Qxb5 23. e6 fxe6 24. Rxe6 Rdd8 25. Qe2 Qxe2 26. Rxe2 Bf6 27.
Rce1 Kf7 28. Kf1 Rxe2 29. Rxe2 Re8 30. Rxe8 Kxe8 31. b3 Kd7 32. Ke2 Kc6 33. Kd3
b5 34. Be3 a6 35. Bd4 Be7 36. b4 g6 37. h3 a5 38. bxa5 Kb7 39. Bb2 Ka6 40. f4
Kxa5 41. g4 Ka4 42. f5 gxf5 43. gxf5 d4 44. Bxd4 Kxa3 45. f6 Bf8 46. f7 Kb4 47.
Ke4 Kc4 48. Bb2 Kc5 49. Ke5 Kc6 50. Ke6 b4 51. Bf6 b3 52. Bb2 Kc7 53. Bf6 Kc6
54. Bb2 1/2-1/2

[Event "Frankfurt Ch 2010"]
[Site "Ffm-Kalbach, LAZ"]
[Date "2010.05.17"]
[Round "4.16"]
[White "Kulenovic, Adnan"]
[Black "Schwenkreis, Thomas"]
[Result "1/2-1/2"]
[WhiteElo "1799"]
[BlackElo "2092"]
[PlyCount "145"]
[EventDate "2010.??.??"]
[SourceDate "2009.03.13"]
[WhiteTeam "SK Springer Rodenbach"]
[BlackTeam "SC Brett vor'm Kopp Ffm"]

1. d4 Nf6 2. Nc3 d5 3. e4 dxe4 4. f3 exf3 5. Qxf3 c6 6. Bd3 Qxd4 7. Nge2 Qh4+
8. g3 Qh5 9. Qf2 e5 10. Bd2 Nbd7 11. O-O-O Nc5 12. Rde1 Be6 13. Be3 Ng4 14. Qg1
Nxe3 15. Qxe3 Be7 16. Kb1 Nxd3 17. cxd3 O-O 18. h3 Rfd8 19. Ne4 Qg6 20. g4 Bd5
21. N2g3 Qe6 22. a3 Bxe4 23. dxe4 g6 24. Rc1 Rd7 25. Rc3 Qd6 26. Rh2 Qd4 27.
Qe2 Bg5 28. h4 Bf4 29. Rg2 Rad8 30. Ka2 Qb6 31. Rb3 Qa5 32. Nh5 Kh8 33. Nf6 Rd6
34. g5 b5 35. h5 Rd2 36. Qg4 Rxg2 37. Qxg2 Qd2 38. Qg4 Bxg5 39. Nxh7 Qf4 40.
Qxg5 Qxg5 41. Nxg5 Kg7 42. hxg6 Kxg6 43. Nf3 f6 44. Rc3 Rd6 45. Nh4+ Kg5 46.
Nf5 Re6 47. Rf3 c5 48. Kb3 Ra6 49. Kc3 Ra4 50. Nd6 a6 51. Rf5+ Kg6 52. Ne8 Rxe4
53. Rxf6+ Kg5 54. Rxa6 Re3+ 55. Kd2 Rb3 56. Kc2 c4 57. Nd6 Kf4 58. Rb6 e4 59.
Rxb5 Rh3 60. Nxc4 Rh2+ 61. Kd1 e3 62. Nxe3 Kxe3 63. a4 Kd3 64. Rb3+ Kc4 65. Rb8
Kd3 66. Rd8+ Kc4 67. Kc1 Kb4 68. Rd4+ Kb3 69. Rd2 Rh1+ 70. Rd1 Rh4 71. Rd3+
Kxa4 72. Kc2 Rh2+ 73. Rd2 1/2-1/2

[Event "Frankfurt Ch 2010"]
[Site "Ffm-Kalbach, LAZ"]
[Date "2010.05.17"]
[Round "4.17"]
[White "Biegel, Thomas"]
[Black "Czech, Ludwig"]
[Result "0-1"]
[WhiteElo "2021"]
[BlackElo "2160"]
[PlyCount "68"]
[EventDate "2010.??.??"]
[SourceDate "2009.03.13"]
[WhiteTeam "SC Eschborn 1974"]
[BlackTeam "VSG 1880 Offenbach"]

1. d4 f5 2. Nf3 Nf6 3. Bg5 d5 4. Bxf6 exf6 5. e3 Be6 6. Nbd2 Qd7 7. g3 a5 8.
Bd3 Nc6 9. Bb5 Bd6 10. O-O O-O 11. Rc1 Qf7 12. c4 Na7 13. cxd5 Nxb5 14. dxe6
Qxe6 15. Qa4 c6 16. Rfd1 Nc7 17. Qb3 Qxb3 18. Nxb3 Nd5 19. Ne1 Rfc8 20. Nd3 Kf7
21. a3 b6 22. Rc2 Ke7 23. Rdc1 Kd7 24. Kf1 Rc7 25. Ke2 Re8 26. Nd2 Re6 27. Nc4
g5 28. Kf3 Rc8 29. h3 Bc7 30. Nd2 Rce8 31. g4 Nxe3 32. fxe3 Rxe3+ 33. Kf2 Rxd3
34. Nf1 Bf4 0-1

[Event "Frankfurt Ch 2010"]
[Site "Ffm-Kalbach, LAZ"]
[Date "2010.05.17"]
[Round "4.18"]
[White "Benninger, Rudolf"]
[Black "Machowitsch, Wolf"]
[Result "1-0"]
[WhiteElo "2140"]
[BlackElo "1987"]
[PlyCount "61"]
[EventDate "2010.??.??"]
[SourceDate "2009.03.13"]
[WhiteTeam "SC Heusenstamm"]
[BlackTeam "SV 1934 Ffm-Griesheim"]

1. g3 d5 2. Bg2 c6 3. d4 Nf6 4. Nc3 Bf5 5. Nf3 Nbd7 6. O-O e6 7. Nh4 Bd6 8.
Nxf5 exf5 9. Qd3 Ne4 10. Nd1 Qf6 11. f3 Ng5 12. e4 Bc7 13. exf5 O-O-O 14. Ne3
h5 15. h4 Nh7 16. f4 Rhg8 17. Bd2 Rde8 18. Rae1 Nb6 19. b3 Qd6 20. c4 dxc4 21.
bxc4 Rd8 22. c5 Qxc5 23. dxc5 Rxd3 24. cxb6 Bxb6 25. Bc1 Re8 26. Rf3 Nf6 27.
Kf1 Ba5 28. Re2 Ne4 29. Rc2 Nd2+ 30. Bxd2 Bxd2 31. Nc4 1-0

[Event "Frankfurt Ch 2010"]
[Site "Ffm-Kalbach, LAZ"]
[Date "2010.05.17"]
[Round "4.19"]
[White "Machlin, Maxim"]
[Black "Kreiling, Carsten"]
[Result "0-1"]
[WhiteElo "1933"]
[BlackElo "2126"]
[PlyCount "88"]
[EventDate "2010.??.??"]
[SourceDate "2009.03.13"]
[WhiteTeam "SK 1858 Gießen"]
[BlackTeam "SVG Eppstein 1932"]

1. e4 c5 2. c3 d6 3. d4 Nf6 4. dxc5 Nc6 5. Bb5 Nxe4 6. Qd5 Nxc5 7. Bxc6+ bxc6
8. Qxc6+ Bd7 9. Qf3 Qc8 10. Nd2 Bc6 11. Qg3 Qf5 12. Ne2 Nd3+ 13. Kf1 e5 14. Nb3
Qe4 15. h4 g6 16. Rh3 Nxc1 17. Rxc1 Be7 18. Re1 Qd5 19. f4 Bd7 20. Qd3 Qc6 21.
Re3 Bf5 22. Qd1 Bxh4 23. Nbd4 Qb6 24. g3 Bh3+ 25. Kg1 Bf6 26. fxe5 dxe5 27. Nf4
O-O 28. Nd5 Qd6 29. Nxf6+ Qxf6 30. Rxe5 Rad8 31. Qf3 Qb6 32. g4 Rxd4 33. cxd4
Qxd4+ 34. Kh2 Bxg4 35. Qe4 Qxb2+ 36. Kg3 Be6 37. Rh1 Qxa2 38. Qe3 Qb3 39. Qxb3
Bxb3 40. Ra1 Ra8 41. Rea5 Be6 42. Rxa7 Rd8 43. Kf4 Rd4+ 44. Kg5 Kg7 0-1

[Event "Frankfurt Ch 2010"]
[Site "Ffm-Kalbach, LAZ"]
[Date "2010.05.17"]
[Round "4.21"]
[White "Schneider, Uwe"]
[Black "Goldt, Rainer"]
[Result "1/2-1/2"]
[WhiteElo "2011"]
[BlackElo "1824"]
[PlyCount "48"]
[EventDate "2010.??.??"]
[SourceDate "2009.03.13"]
[WhiteTeam "SV Kinzigtal"]
[BlackTeam "Kreuznacher SV 1921"]

1. d4 d5 2. c4 e5 3. dxe5 d4 4. Nf3 Nc6 5. g3 Be6 6. Nbd2 Qd7 7. Bg2 O-O-O 8.
O-O Bh3 9. a3 Bxg2 10. Kxg2 Nge7 11. b4 Ng6 12. Bb2 h5 13. b5 Ncxe5 14. Bxd4
Nxf3 15. Nxf3 h4 16. Be3 Qf5 17. Qb1 Qh5 18. Qe4 hxg3 19. fxg3 Bc5 20. Bxc5
Qxc5 21. Rfd1 Rde8 22. Qd3 Rd8 23. Qe4 Rde8 24. Qd3 Rd8 1/2-1/2

[Event "Frankfurt Ch 2010"]
[Site "Ffm-Kalbach, LAZ"]
[Date "2010.05.17"]
[Round "4.22"]
[White "Funkschmidt, Kai Michael"]
[Black "Stadtmueller, Harald"]
[Result "1/2-1/2"]
[WhiteElo "1821"]
[BlackElo "2163"]
[PlyCount "75"]
[EventDate "2010.??.??"]
[SourceDate "2009.03.13"]
[WhiteTeam "SC Empor Maulwurf Bonn"]
[BlackTeam "VSG 1880 Offenbach"]

1. c4 g6 2. g3 Bg7 3. Bg2 d6 4. Nc3 e5 5. e4 Nc6 6. Nge2 Nge7 7. d3 Be6 8. Be3
Qd7 9. Nd5 O-O 10. Qd2 f5 11. h4 fxe4 12. dxe4 Bg4 13. O-O-O Nd4 14. Nxe7+ Qxe7
15. Bxd4 exd4 16. f4 Qf6 17. Rde1 Rae8 18. Ng1 Kh8 19. Nf3 Qe6 20. Qd3 Bxf3 21.
Bxf3 b5 22. cxb5 Qxa2 23. h5 g5 24. e5 dxe5 25. fxg5 e4 26. Bxe4 Re5 27. Qa3
Qxa3 28. bxa3 Rfe8 29. h6 Bf8 30. Rh4 Bxa3+ 31. Kc2 Rxg5 32. Rf1 Bd6 33. Bc6
Re2+ 34. Kd3 Re3+ 35. Kxd4 Rexg3 36. Rf7 R3g4+ 37. Rxg4 Rxg4+ 38. Be4 1/2-1/2

[Event "Frankfurt Ch 2010"]
[Site "Ffm-Kalbach, LAZ"]
[Date "2010.05.17"]
[Round "4.25"]
[White "Marzahn, Heiko"]
[Black "Kripfganz, Sebastian"]
[Result "0-1"]
[WhiteElo "1984"]
[BlackElo "2002"]
[PlyCount "88"]
[EventDate "2010.??.??"]
[SourceDate "2009.03.13"]
[WhiteTeam "Sfr.Erbach"]
[BlackTeam "SG Turm Leipzig"]

1. e4 c5 2. Nf3 Nc6 3. d4 cxd4 4. Nxd4 Nf6 5. Nc3 d6 6. Bg5 e6 7. Qd2 Be7 8.
O-O-O O-O 9. Nb3 Qb6 10. f3 Rd8 11. Be3 Qc7 12. Qf2 Nd7 13. g4 a6 14. g5 b5 15.
f4 Rb8 16. h4 Nb6 17. Kb1 b4 18. Ne2 Nc4 19. Bc1 a5 20. Ng3 d5 21. exd5 exd5
22. g6 a4 23. gxf7+ Kh8 24. Nc5 N6a5 25. Nxa4 Qc6 26. b3 Na3+ 27. Bxa3 bxa3 28.
Qa7 Bg4 29. Be2 Bxe2 30. Nxe2 Bb4 31. Rhg1 Qb7 32. Qd4 Qxf7 33. Rg5 Nc6 34. Qd3
d4 35. Rdg1 Bf8 36. h5 Nb4 37. Qg3 d3 38. c3 dxe2 39. cxb4 Rd1+ 40. Kc2 Rc8+
41. Nc3 Qd7 42. Qe3 Bxb4 43. Rxg7 Qf5+ 44. Qe4 Qxe4# 0-1

[Event "Frankfurt Ch 2010"]
[Site "Ffm-Kalbach, LAZ"]
[Date "2010.05.17"]
[Round "4.26"]
[White "Hitzer, Dieter"]
[Black "Syed, Tareq"]
[Result "1/2-1/2"]
[WhiteElo "1799"]
[BlackElo "2112"]
[PlyCount "77"]
[EventDate "2010.??.??"]
[SourceDate "2009.03.13"]
[WhiteTeam "Bad Vilbeler Sfr.1985"]
[BlackTeam "SC Brett vor'm Kopp Ffm"]

1. Nf3 Nf6 2. c4 d6 3. d4 Nbd7 4. Nc3 e5 5. e4 Be7 6. Be2 O-O 7. O-O c6 8. Be3
Ng4 9. Bd2 Ngf6 10. d5 c5 11. Rb1 Ne8 12. Ne1 Bg5 13. Nd3 Bxd2 14. Qxd2 Qe7 15.
b4 b6 16. bxc5 bxc5 17. f3 h6 18. Bd1 Nb6 19. Bb3 Kh7 20. Nb2 Bd7 21. a4 a5 22.
Nb5 g6 23. Nc3 Ng7 24. Qe2 f5 25. Bc2 f4 26. Nbd1 Ra6 27. Nb5 Bc8 28. Ndc3 Nh5
29. Bd3 Rg8 30. Qf2 g5 31. g4 Nf6 32. h3 h5 33. Qh2 Rh8 34. Kf2 Kg8 35. Qg2 Na8
36. Rb2 Rh6 37. Rh1 Nc7 38. Rbb1 Ra8 39. Ke2 1/2-1/2

[Event "Frankfurt Ch 2010"]
[Site "Ffm-Kalbach, LAZ"]
[Date "2010.05.17"]
[Round "4.27"]
[White "Khalimov, Khayot"]
[Black "Wagner, Dirk"]
[Result "0-1"]
[WhiteElo "1783"]
[BlackElo "1935"]
[PlyCount "86"]
[EventDate "2010.??.??"]
[SourceDate "2009.03.13"]
[WhiteTeam "SVG Eppstein 1932"]
[BlackTeam "Sfr. Frankfurt 1921"]

1. g3 Nf6 2. Bg2 g6 3. d3 Bg7 4. e4 d6 5. Nf3 e5 6. O-O O-O 7. Re1 c6 8. Nbd2
Nbd7 9. Nf1 Qc7 10. h4 d5 11. exd5 cxd5 12. d4 e4 13. N3h2 Nb6 14. Ne3 h5 15.
b3 Be6 16. Ba3 Rfc8 17. Qd2 a5 18. Rec1 Qd8 19. c3 Bh6 20. Rc2 a4 21. Bb2 axb3
22. axb3 Rxa1+ 23. Bxa1 Nbd7 24. Qe2 Qb6 25. b4 Qa7 26. Ra2 Qb8 27. Qb5 Bxe3
28. fxe3 Qxg3 29. Qxb7 Qxe3+ 30. Kh1 Rb8 31. Qc6 Qe1+ 32. Nf1 e3 33. Qa6 Bg4
34. Kh2 Qxh4+ 35. Kg1 e2 36. Rxe2 Bxe2 37. Qxe2 Re8 38. Qf3 Re1 39. Bb2 Ng4 40.
Bh3 Ndf6 41. b5 Rb1 42. Qg2 Ne3 43. Qf2 Qxh3 0-1